Statistics for Countries of Africa in Reverse Alphabetical (with hints)

Click here to take the quiz!

General Stats

  • This quiz has been taken 29 times
  • The average score is 36 of 54

Answer Stats

First LetterCountry% Correct
ZZimbabwe
100%
ZZambia
100%
TTanzania
96%
UUganda
96%
AAlgeria
91%
SSouth Sudan
87%
SSudan
87%
RRwanda
83%
NNamibia
83%
TTogo
78%
AAngola
78%
KKenya
78%
SSenegal
74%
NNiger
74%
EEthiopia
74%
EEritrea
74%
NNigeria
74%
SSeychelles
70%
DDjibouti
70%
LLibya
70%
SSouth Africa
70%
TTunisia
65%
SSomalia
65%
IIvory Coast
65%
DDemocratic Republic of the Congo
65%
BBotswana
61%
BBenin
61%
MMadagascar
61%
RRepublic of the Congo
61%
CComoros
61%
GGambia
61%
BBurkina Faso
57%
BBurundi
57%
CCameroon
57%
CChad
57%
CCentral African Republic
57%
GGhana
57%
EEswatini
57%
GGuinea-Bissau
57%
MMauritania
57%
MMali
57%
GGabon
57%
MMalawi
57%
LLiberia
57%
GGuinea
57%
SSão Tomé and Príncipe
52%
EEgypt
52%
EEquatorial Guinea
52%
MMauritius
52%
SSierra Leone
52%
LLesotho
48%
CCape Verde
48%
MMorocco
48%
MMozambique
39%

Score Distribution

Percentile by Number Answered

Percent of People with Each Score

Your Score History

You have not taken this quiz